| Tag |
First Indicator |
Second Indicator |
Subfields |
| LEADER |
00000cam a2200000 a 4500 |
| 001 |
in00000071102 |
| 005 |
20151008062046.0 |
| 008 |
781211s1978 dcu r 00000 eng d |
| 035 |
|
|
|a (OCoLC)04440203
|
| 035 |
|
|
|9 AAJ9426AM
|
| 040 |
|
|
|a TMN
|c TMN
|d m.c.
|d TXA
|d UtOrBLW
|
| 043 |
|
|
|a n-us---
|
| 049 |
|
|
|a TXAM
|c [1271791]
|
| 090 |
|
|
|a LB2328
|b .C3
|
| 092 |
|
|
|a 378.013
|b A512c
|
| 245 |
0 |
0 |
|a Career education in community colleges :
|b a sourcebook /
|c American Association of Community and Junior Colleges.
|
| 264 |
|
1 |
|a Washington, D. C. :
|b The Association,
|c [1978?]
|
| 300 |
|
|
|a 95 pages ;
|c 28 cm.
|
| 336 |
|
|
|a text
|b txt
|2 rdacontent
|
| 337 |
|
|
|a unmediated
|b n
|2 rdamedia
|
| 338 |
|
|
|a volume
|b nc
|2 rdacarrier
|
| 500 |
|
|
|a A list of community colleges and their vocational education programs.
|
| 650 |
|
0 |
|a Community colleges
|z United States.
|
| 650 |
|
0 |
|a Career education.
|
| 710 |
2 |
|
|a American Association of Community and Junior Colleges.
|
| 999 |
|
|
|a MARS
|
| 999 |
f |
f |
|s 1f6be291-739a-32fb-b640-26ef8492b618
|i 3f5aa4d1-ebd5-3c2c-8254-7aa0a95f963e
|t 0
|
| 952 |
f |
f |
|p normal
|a Texas A&M University
|b College Station
|c Sterling C. Evans Library
|d Evans: Library Stacks
|t 0
|e LB2328 .C3
|h Library of Congress classification
|i unmediated -- volume
|m A14806161322
|
| 998 |
f |
f |
|a LB2328 .C3
|t 0
|l Evans: Library Stacks
|